Muzeum lidových pálenic Vlčnov : rukověť návštěvníka /

Hlavní autor: Frolec, Ivo, 1961-
Další autoři: Kondrová, Marta, 1979-, Severin, Jiří, 1941-
Jazyk: Čeština
Vydáno: V Uherském Hradišti : Slovácké muzeum, 2010
Témata:
Fyzický popis: 43 s. : il. (některé barev.), faksim. ; 21 cm
Knihy
Uloženo v:
LEADER 01897nam a2200505 a 4500
001 nkc20102107697
003 CZ PrNK
005 20100709132256.0
007 ta
008 100521s2010 xr ah e c 000 0 cze
015 |a cnb002107697 
020 |a 978-80-86185-88-0  |q (brož.) :  |c neprodejné 
035 |a (OCoLC)649803516 
040 |a BOA001  |b cze 
043 |a e-xr---  |b e-xr-jm  |2 czenas 
072 7 |a 663  |x Průmysl nápojů. Kvasný průmysl. Průmysl pochutin  |2 Konspekt  |9 19 
080 |a 663.551.5  |2 MRF 
080 |a 641.87:663.52  |2 MRF 
080 |a 663.52  |2 MRF 
080 |a 338.45(091)  |2 MRF 
080 |a (437.322)  |2 MRF 
080 |a (083.824)  |2 MRF 
100 1 |a Frolec, Ivo,  |d 1961-  |7 jn20001103552  |4 aut 
245 1 0 |a Muzeum lidových pálenic Vlčnov :  |b rukověť návštěvníka /  |c [text Ivo Frolec, Marta Kondrová ; spolupráce Jiří Severin] 
260 |a V Uherském Hradišti :  |b Slovácké muzeum,  |c 2010 
300 |a 43 s. :  |b il. (některé barev.), faksim. ;  |c 21 cm 
500 |a Název z obálky 
504 |a Obsahuje bibliografii 
650 0 7 |a pálenky  |7 ph115966  |2 czenas 
650 0 7 |a výroba alkoholických nápojů  |7 ph276448  |z Česko  |2 czenas 
650 0 7 |a dějiny průmyslu  |7 ph488969  |z Česko  |2 czenas 
650 0 9 |a brandy  |2 eczenas 
650 0 9 |a alcoholic beverages production  |z Czechia  |2 eczenas 
650 0 9 |a history of industry  |z Czechia  |2 eczenas 
651 7 |a Slovácko (Česko)  |7 ge130858  |2 czenas 
651 9 |a Slovácko (Czechia)  |2 eczenas 
655 7 |a katalogy výstav  |7 fd132536  |2 czenas 
655 9 |a exhibition catalogs  |2 eczenas 
700 1 |a Kondrová, Marta,  |d 1979-  |7 jo2006333724  |4 aut 
700 1 |a Severin, Jiří,  |d 1941-  |7 xx0005576  |4 ctb 
910 2 |a BOA001  |b 2-1241.584 
990 |a BK 
995 |a 01 
991 |b 201006  |c NOV 
996 6 |b 2610438457  |c 2-1241.584  |l MZK  |r Sklad / do 1 hodiny  |n 4  |p p.v.  |w 001124721  |u 000010  |a 1  |e BOA001  |j MZK50  |s P